| 000 | 00702nam a22002177a 4500 | ||
|---|---|---|---|
| 005 | 20151112135044.0 | ||
| 008 | 141124t mx||||| |||| 00| 0 spa d | ||
| 020 | _a9789708103374 | ||
| 050 | 0 | 4 |
_aPN241 _bE26 2008 |
| 100 | 1 | _aEco, Umberto | |
| 245 | 1 | 0 |
_aDecir casi lo mismo / _cUmberto Eco ; tr. Helena Lozano Miralles |
| 250 | _b1a ed. | ||
| 260 |
_aMéxico : _bLumen, _c2008 |
||
| 300 |
_a537 p. ; _c21 cm. |
||
| 490 | 0 | _aBiblioteca Umberto Eco | |
| 500 | _aTraducción de: Dire quasi la stessa cosa | ||
| 504 | _aIncluye referencias bibliograficas (p.[502]-518) e índice | ||
| 650 | _aTraducción e interpretación | ||
| 700 | 1 |
_aLozano Miralles, Helena, _qtr. |
|
| 942 |
_2lcc _cLIB |
||
| 999 |
_c108458 _d108458 |
||